<?xml version='1.0' encoding='UTF-8'?>
  <record xmlns="http://www.loc.gov/MARC21/slim">
    <leader>00000cam a2200000 i 4500</leader>
    <controlfield tag="001">ocn606301549</controlfield>
    <controlfield tag="003">OCoLC</controlfield>
    <controlfield tag="005">20240501094421.2</controlfield>
    <controlfield tag="008">880705s1521    fr            000 0 lat d</controlfield>
    <datafield tag="040" ind1=" " ind2=" ">
      <subfield code="a">UKMGB</subfield>
      <subfield code="b">eng</subfield>
      <subfield code="e">rda</subfield>
      <subfield code="e">dcrmr</subfield>
      <subfield code="c">UKMGB</subfield>
      <subfield code="d">OCLCQ</subfield>
      <subfield code="d">OCLCO</subfield>
      <subfield code="d">OCLCQ</subfield>
      <subfield code="d">OCLCA</subfield>
      <subfield code="d">OCLCO</subfield>
      <subfield code="d">OCLCL</subfield>
      <subfield code="d">QGJ</subfield>
    </datafield>
    <datafield tag="016" ind1="7" ind2=" ">
      <subfield code="a">001154865</subfield>
      <subfield code="2">Uk</subfield>
    </datafield>
    <datafield tag="035" ind1=" " ind2=" ">
      <subfield code="a">(OCoLC)606301549</subfield>
    </datafield>
    <datafield tag="100" ind1="1" ind2=" ">
      <subfield code="a">Erasmus, Desiderius,</subfield>
      <subfield code="d">-1536,</subfield>
      <subfield code="e">author.</subfield>
      <subfield code="4">aut</subfield>
      <subfield code="1">https://id.oclc.org/worldcat/entity/E39PBJwHfjfbWJYxDvw6tXDXh3</subfield>
    </datafield>
    <datafield tag="240" ind1="1" ind2="0">
      <subfield code="a">Works.</subfield>
      <subfield code="k">Selections.</subfield>
      <subfield code="f">1521</subfield>
    </datafield>
    <datafield tag="245" ind1="1" ind2="0">
      <subfield code="a">Erasmi Roterodami. De ratione studij, ac legendi, interpretandiq[ue]; auctores libellus aureus.</subfield>
      <subfield code="b">Officiu[m] discipuloru[m] ex Quintiliano. Qui primo legendi, ex eodem. Erasmi. Concio de puero Iesu in schola Coletica Lo[n]dini i[n]stituta pronu[n]cia[n]da. Eiusdem. Expostulatio Iesu ad mortales. Eiusdem. Carmina scholaria.</subfield>
    </datafield>
    <datafield tag="246" ind1="3" ind2=" ">
      <subfield code="a">Expostulatio Iesu ad mortales</subfield>
    </datafield>
    <datafield tag="246" ind1="3" ind2=" ">
      <subfield code="a">Carmina scholaria</subfield>
    </datafield>
    <datafield tag="264" ind1=" " ind2="1">
      <subfield code="a">Argentinae :</subfield>
      <subfield code="b">Apud Ioannem Knoblouchum,</subfield>
      <subfield code="c">Anno M. D. XXI. [1521]</subfield>
    </datafield>
    <datafield tag="300" ind1=" " ind2=" ">
      <subfield code="a">31 leaves ;</subfield>
      <subfield code="c">16 cm (8vo)</subfield>
    </datafield>
    <datafield tag="336" ind1=" " ind2=" ">
      <subfield code="a">text</subfield>
      <subfield code="b">txt</subfield>
      <subfield code="2">rdacontent</subfield>
    </datafield>
    <datafield tag="337" ind1=" " ind2=" ">
      <subfield code="a">unmediated</subfield>
      <subfield code="b">n</subfield>
      <subfield code="2">rdamedia</subfield>
    </datafield>
    <datafield tag="338" ind1=" " ind2=" ">
      <subfield code="a">volume</subfield>
      <subfield code="b">nc</subfield>
      <subfield code="2">rdacarrier</subfield>
    </datafield>
    <datafield tag="340" ind1=" " ind2=" ">
      <subfield code="m">8vo</subfield>
      <subfield code="2">rdabf</subfield>
    </datafield>
    <datafield tag="500" ind1=" " ind2=" ">
      <subfield code="a">Publication statement from colophon, which reads: Argentinae Apud Ioannem Knoblovchvm, Mense Novembri. Anno M.D.XXI.</subfield>
    </datafield>
    <datafield tag="500" ind1=" " ind2=" ">
      <subfield code="a">Signatures: A-D⁸.</subfield>
    </datafield>
    <datafield tag="500" ind1=" " ind2=" ">
      <subfield code="a">Title placed within a woodcut border.</subfield>
    </datafield>
    <datafield tag="510" ind1="4" ind2=" ">
      <subfield code="a">Verzeichnis der im deutschen Sprachbereich erschienenen Drucke des 16. Jahrhunderts (VD 16),</subfield>
      <subfield code="c">E 3547</subfield>
      <subfield code="u">https://gateway-bayern.de/VD16+E+3547</subfield>
    </datafield>
    <datafield tag="510" ind1="4" ind2=" ">
      <subfield code="a">Bezzel, Irmgard, Erasmusdrucke des 16. Jahrhunderts in bayerischen Bibliotheken</subfield>
      <subfield code="c">1720</subfield>
    </datafield>
    <datafield tag="510" ind1="4" ind2=" ">
      <subfield code="a">Short-title catalogue of books printed in the German-speaking countries and German books printed in other countries from 1455 to 1600 now in the British Museum,</subfield>
      <subfield code="c">1030. d. I (I)</subfield>
    </datafield>
    <datafield tag="510" ind1="4" ind2=" ">
      <subfield code="a">Van der Haeghen, Bibl. Erasmiana,</subfield>
      <subfield code="c">1, 170</subfield>
    </datafield>
    <datafield tag="650" ind1=" " ind2="0">
      <subfield code="a">Education, Medieval</subfield>
      <subfield code="v">Early works to 1800.</subfield>
    </datafield>
    <datafield tag="600" ind1="0" ind2="0">
      <subfield code="a">Jesus Christ</subfield>
      <subfield code="x">Childhood</subfield>
      <subfield code="v">Sermons</subfield>
      <subfield code="v">Early works to 1800.</subfield>
    </datafield>
    <datafield tag="600" ind1="0" ind2="6">
      <subfield code="a">Jésus-Christ</subfield>
      <subfield code="x">Enfance</subfield>
      <subfield code="v">Sermons</subfield>
      <subfield code="v">Ouvrages avant 1800.</subfield>
    </datafield>
    <datafield tag="600" ind1="0" ind2="7">
      <subfield code="a">Jesus Christ</subfield>
      <subfield code="2">fast</subfield>
      <subfield code="1">https://id.oclc.org/worldcat/entity/E39PBJcWtWBVPTkM6wHtfK3mh3</subfield>
    </datafield>
    <datafield tag="650" ind1=" " ind2="7">
      <subfield code="a">Childhood of Jesus Christ</subfield>
      <subfield code="2">fast</subfield>
    </datafield>
    <datafield tag="650" ind1=" " ind2="7">
      <subfield code="a">Education, Medieval</subfield>
      <subfield code="2">fast</subfield>
    </datafield>
    <datafield tag="655" ind1=" " ind2="7">
      <subfield code="a">sermons.</subfield>
      <subfield code="2">aat</subfield>
    </datafield>
    <datafield tag="655" ind1=" " ind2="7">
      <subfield code="a">Early works</subfield>
      <subfield code="2">fast</subfield>
    </datafield>
    <datafield tag="655" ind1=" " ind2="7">
      <subfield code="a">Sermons</subfield>
      <subfield code="2">fast</subfield>
    </datafield>
    <datafield tag="655" ind1=" " ind2="7">
      <subfield code="a">Sermons.</subfield>
      <subfield code="2">lcgft</subfield>
    </datafield>
    <datafield tag="655" ind1=" " ind2="7">
      <subfield code="a">Sermons.</subfield>
      <subfield code="2">rvmgf</subfield>
    </datafield>
    <datafield tag="700" ind1="1" ind2="2">
      <subfield code="i">Container of (work):</subfield>
      <subfield code="a">Erasmus, Desiderius,</subfield>
      <subfield code="d">-1536.</subfield>
      <subfield code="t">De ratione studii.</subfield>
    </datafield>
    <datafield tag="700" ind1="1" ind2="2">
      <subfield code="i">Container of (work):</subfield>
      <subfield code="a">Erasmus, Desiderius,</subfield>
      <subfield code="d">-1536.</subfield>
      <subfield code="t">De pueris statim ac liberaliter instituendis.</subfield>
    </datafield>
    <datafield tag="700" ind1="1" ind2="2">
      <subfield code="i">Container of (work):</subfield>
      <subfield code="a">Erasmus, Desiderius,</subfield>
      <subfield code="d">-1536.</subfield>
      <subfield code="t">Concio de puero Jesu.</subfield>
    </datafield>
    <datafield tag="700" ind1="1" ind2="2">
      <subfield code="i">Container of (work):</subfield>
      <subfield code="a">Erasmus, Desiderius,</subfield>
      <subfield code="d">-1536.</subfield>
      <subfield code="t">Carmina scholaria.</subfield>
    </datafield>
    <datafield tag="700" ind1="1" ind2=" ">
      <subfield code="a">Knobloch, Johann,</subfield>
      <subfield code="d">-1528,</subfield>
      <subfield code="e">printer.</subfield>
      <subfield code="4">prt</subfield>
    </datafield>
    <datafield tag="700" ind1="1" ind2=" ">
      <subfield code="a">Viterius, Petrus,</subfield>
      <subfield code="e">dedicatee.</subfield>
      <subfield code="4">dte</subfield>
    </datafield>
    <datafield tag="700" ind1="1" ind2=" ">
      <subfield code="a">Quintilian.</subfield>
      <subfield code="1">https://id.oclc.org/worldcat/entity/E39PCjBRPT7yX6JygvgRXjqxpd</subfield>
    </datafield>
    <datafield tag="740" ind1="1" ind2=" ">
      <subfield code="a">Expostulatio Iesu ad mortales.</subfield>
    </datafield>
    <datafield tag="740" ind1="1" ind2=" ">
      <subfield code="a">De puero Iesu carmina.</subfield>
    </datafield>
    <datafield tag="752" ind1=" " ind2=" ">
      <subfield code="a">France</subfield>
      <subfield code="d">Strasbourg,</subfield>
      <subfield code="e">puplication place.</subfield>
      <subfield code="4">pup</subfield>
    </datafield>
    <datafield tag="758" ind1=" " ind2=" ">
      <subfield code="i">has work:</subfield>
      <subfield code="a">1521 Works Selections (Text)</subfield>
      <subfield code="1">https://id.oclc.org/worldcat/entity/E39PCGHv6cHxyVbdpPkFrJckWC</subfield>
      <subfield code="4">https://id.oclc.org/worldcat/ontology/hasWork</subfield>
    </datafield>
  </record>